000 04059cam a22002174a 4500
005 20250605164125.0
008 250528s ||||||||||||||||||||||||d
035 _a18412
020 _a9609120105
040 _aGR-AtMCL
_bgre
_dGR-AtMCL
_eAACR2
245 1 _aΖητήματα Τραπεζικής Οικονομικής / Αξιολόγηση και Χρηματοοικονομική Διοίκηση.
_nΤόμος Γ'
250 _a
260 _bΕ.Κ.Π.Α,
_c2000
300 _a520
505 0 _aΗ Φύση και η Λειτουργία της Τράπεζας, Η Εφαρμογή Ενός Υποδείγματος Στρατηγικής Διοίκησης στην Τραπεζική Διαχείριση, Διαχείρηση Ενεργητικού - Παθητικού Ενός Τραπεζικού Οργανισμού, Η Διαχείριση των Κινδύνων του Τραπεζικού Χαρτοφυλακίου, Ανάλυση Πιστοληπτικής Ικανότητας, Επιχείρηση και Χρηματοδότηση, Στρατηγικός Σχεδιασμός Διοίκησης Τραπεζικού Ιδρύματος, Οικονομίες Παραγωγής στον Τραπεζικό Κλάδο, Διεύρυνση και Εξειδίκευση Εργασιών: Η Πορεία προς τα Χρηματοπιστωτικά Ιδύματα Γενικής Τραπεζικής, Η θεωρία της Τραπεζικής Εποπτείας, Επιλογές Στρατηγικής και Νέες Τάσεις του Ανταγωνισμού στη Σύγχρονη Τραπεζική, Η Φύση και η Λειτουργία της Τράπεζας, Η Διαχείριση των Κινδύνων του Τραπεζικού Χαρτοφυλακίου, Στρατηγικός Σχεδιασμός Διοίκησης Τραπεζικού Ιδρύματος, Οικονομίες Παραγωγής στον Τραπεζικό Κλάδο, Ζητήματα Τραπεζικής Εποπτείας, Επιλογές Στρατηγικής και Νέες Τάσεις του Ανταγωνισμού στη Σύγχρονη Τραπεζική, Βιβλιογραφία.
520 _aΗ Φύση και η Λειτουργία της Τράπεζας, Η Εφαρμογή Ενός Υποδείγματος Στρατηγικής Διοίκησης στην Τραπεζική Διαχείριση, Διαχείρηση Ενεργητικού - Παθητικού Ενός Τραπεζικού Οργανισμού, Η Διαχείριση των Κινδύνων του Τραπεζικού Χαρτοφυλακίου, Ανάλυση Πιστοληπτικής Ικανότητας, Επιχείρηση και Χρηματοδότηση, Στρατηγικός Σχεδιασμός Διοίκησης Τραπεζικού Ιδρύματος, Οικονομίες Παραγωγής στον Τραπεζικό Κλάδο, Διεύρυνση και Εξειδίκευση Εργασιών: Η Πορεία προς τα Χρηματοπιστωτικά Ιδύματα Γενικής Τραπεζικής, Η θεωρία της Τραπεζικής Εποπτείας, Επιλογές Στρατηγικής και Νέες Τάσεις του Ανταγωνισμού στη Σύγχρονη Τραπεζική, Η Φύση και η Λειτουργία της Τράπεζας, Η Διαχείριση των Κινδύνων του Τραπεζικού Χαρτοφυλακίου, Στρατηγικός Σχεδιασμός Διοίκησης Τραπεζικού Ιδρύματος, Οικονομίες Παραγωγής στον Τραπεζικό Κλάδο, Ζητήματα Τραπεζικής Εποπτείας, Επιλογές Στρατηγικής και Νέες Τάσεις του Ανταγωνισμού στη Σύγχρονη Τραπεζική, Βιβλιογραφία.
700 1 _aΠετράκης Π.Ε
_94686
942 _cBK
999 _c3773
_d3773